La conquista de la abundancia: la abstracción frente a la riqueza del ser
Gardado en:
| Autor Principal: | |
|---|---|
| Formato: | Libro |
| Idioma: | Lingua castelá |
| Publicado: |
Barcelona
Paidós
2001
|
| Series: | Paidós Básica, 108
|
| Subjects: | |
| Tags: |
Engadir etiqueta
Sen Etiquetas, Sexa o primeiro en etiquetar este rexistro!
|
MARC
| LEADER | 00000nam a2200000 a 4500 | ||
|---|---|---|---|
| 001 | UCM2728 | ||
| 003 | CL-VaPUC | ||
| 008 | 020613e20010000SP |||||||||||||||||spa|d | ||
| 082 | 0 | 4 | |a 193 |b FEY |2 21 |
| 100 | |a Feyerabend, Paul Karl |e author |9 327225 | ||
| 245 | 1 | 3 | |a La conquista de la abundancia: la abstracción frente a la riqueza del ser |
| 300 | |a 335 p | ||
| 942 | |c BK | ||
| 945 | |d 20020613 00:00:00 |a cmena | ||
| 260 | |a Barcelona |b Paidós |c 2001 | ||
| 650 | 0 | |a Filosofía austriaca |9 267034 | |
| 650 | 0 | |a Filosofía de las ciencias |9 256466 | |
| 650 | 0 | |a Teoría del conocimiento |9 255038 | |
| 650 | 0 | |a Realismo |9 259117 | |
| 583 | |a last modification |c 20020613 00:00:00 |k Rodrigo Vera | ||
| 490 | 0 | |a Paidós Básica, 108 | |
| 999 | |c 300449 |d 300447 | ||
| 952 | |0 0 |1 0 |4 0 |6 193_000000000000000_FEY_2001 |7 0 |8 A |9 358234 |a FDOPOS |b FDOPOS |d 2019-11-21 |i 3814270 |o 193 FEY 2001 |p 3814270 |r 2025-01-22 |w 2019-11-21 |y BK |k MLH | ||